| 000 | 00485nam a2200193Ia 4500 | ||
|---|---|---|---|
| 005 | 20240823025453.0 | ||
| 008 | 240823s9999||||xx |||||||||||||| ||und|| | ||
| 020 | _a978-81-8052-255-0 | ||
| 041 | _aENGLISH | ||
| 082 | _A574.015195 P9 | ||
| 100 | _aVeer Bala Rastogi | ||
| 245 | 0 | _aFundamentals of Biostatistics | |
| 250 | _a2nd | ||
| 260 |
_c2009 _b"Ane Books,New " _aNew Delhi |
||
| 500 | _aYES | ||
| 650 |
_aBiostatistics _bBio Medical Engg. |
||
| 942 | _cBK | ||
| 999 |
_c186396 _d186396 |
||